000 00712nam a22002177a 4500
003 UA-OsUOA
001 126921
007 ta
008 20171113b un ||||| |||| 00| 0 ukr d
100 _aДробот Н.
090 _a82
_bД75
942 _cSA
040 _aUA-OsUOA
_bukr
_cUA-OsUOA
_dUA-OsUOA
245 _aЛеся Українка - геніальна людина та митець. Формування і становлення ообистості
300 _aС.26-37
955 _a0
041 _aukr
080 _a82
773 0 _w126920
_tУкраїнська мова та література
_dК.
_d2017
_g22
650 7 _a82 Література. Літературознавство
_2UDC
999 _c406330
_d406330